[Event "KAZ-ch U12"]
[Site "Ak Bulak"]
[Date "2022.03.26"]
[Round "9"]
[White "Sailaubay, Aldiyar"]
[Black "Tulendinov, Dinmukhammed"]
[Result "1/2-1/2"]
[WhiteElo "1365"]
[BlackElo "1677"]
[PlyCount "92"]
[EventDate "2022.03.20"]
[EventType "swiss"]
[EventRounds "9"]
[EventCountry "KAZ"]
[SourceTitle "EXT 2023"]
[Source "ChessBase"]
[SourceDate "2022.10.05"]
[SourceVersion "1"]
[SourceVersionDate "2022.10.05"]
[SourceQuality "1"]

1. e4 c5 2. Nf3 e6 3. d4 cxd4 4. Nxd4 a6 5. Nc3 Qc7 6. Bd3 b5 7. 0-0 Nf6 8. Qe2 Bb7 9. Bd2 Nc6 10. Nb3 Ne5 11. f4 Nc4 12. Bc1 Rc8 13. e5 Nd5 14. Ne4 d6 15. exd6 Nxd6 16. f5 Nxe4 17. Bxe4 e5 18. Rd1 Rd8 19. Bd2 Bc5+ 20. Kh1 0-0 21. Ba5 Bb6 22. Bxb6 Nxb6 23. Bxb7 Qxb7 24. Qxe5 Nc4 25. Qg3 Qe4 26. f6 Qg6 27. Qxg6 hxg6 28. fxg7 Rxd1+ 29. Rxd1 Re8 30. h3 Kxg7 31. Kg1 Re2 32. Nd4 Rxg2+ 33. Kxg2 Ne3+ 34. Kf3 Nxd1 35. b3 b4 36. Nc6 a5 37. Nxa5 Nc3 38. Nc6 Nxa2 39. Kf4 f5 40. Kg5 Nc1 41. Nxb4 Ne2 42. Nd3 Nd4 43. c3 Nxb3 44. Nf4 Nc5 45. Nxg6 Ne4+ 46. Kxf5 Nxc3 1/2-1/2

[Event "KAZ-ch U12"]
[Site "Ak Bulak"]
[Date "2022.03.25"]
[Round "8"]
[White "Tulendinov, Dinmukhammed"]
[Black "Bogdanov, Artyom"]
[Result "1/2-1/2"]
[WhiteElo "1677"]
[BlackElo "2039"]
[PlyCount "83"]
[EventDate "2022.03.20"]
[EventType "swiss"]
[EventRounds "9"]
[EventCountry "KAZ"]
[SourceTitle "EXT 2023"]
[Source "ChessBase"]
[SourceDate "2022.10.05"]
[SourceVersion "1"]
[SourceVersionDate "2022.10.05"]
[SourceQuality "1"]

1. e4 c6 2. c4 d5 3. cxd5 cxd5 4. exd5 Nf6 5. Qa4+ Nbd7 6. Nc3 g6 7. Bc4 Bg7 8. d3 0-0 9. Nf3 a6 10. Qa3 b6 11. 0-0 Bb7 12. Re1 b5 13. Bb3 Re8 14. Be3 Nb6 15. d6 exd6 16. Ng5 d5 17. Qa5 Nbd7 18. Qxd8 Raxd8 19. Bd4 Nf8 20. a4 Rxe1+ 21. Rxe1 h6 22. Nf3 bxa4 23. Nxa4 Ne6 24. Be5 Bc6 25. Nb6 Bb5 26. d4 Nd7 27. Nxd5 Bxe5 28. dxe5 Ndc5 29. Nf6+ Kg7 30. Bxe6 Nxe6 31. Ne4 Nf4 32. Nd6 Nd3 33. Rd1 Rd7 34. Rd2 Kf8 35. h3 Ke7 36. Nxb5 axb5 37. Rc2 Rd5 38. Rc7+ Ke6 39. Rc6+ Kd7 40. Rc2 Nxe5 41. Nxe5+ Rxe5 42. f3 1/2-1/2

[Event "KAZ-ch U12"]
[Site "Ak Bulak"]
[Date "2022.03.24"]
[Round "7"]
[White "Talgatov, Nazar"]
[Black "Tulendinov, Dinmukhammed"]
[Result "0-1"]
[WhiteElo "1921"]
[BlackElo "1677"]
[PlyCount "116"]
[EventDate "2022.03.20"]
[EventType "swiss"]
[EventRounds "9"]
[EventCountry "KAZ"]
[SourceTitle "EXT 2023"]
[Source "ChessBase"]
[SourceDate "2022.10.05"]
[SourceVersion "1"]
[SourceVersionDate "2022.10.05"]
[SourceQuality "1"]

1. Nf3 d5 2. g3 c6 3. Bg2 Bg4 4. d4 e6 5. 0-0 Nf6 6. c4 Be7 7. Nc3 0-0 8. Ne5 Bf5 9. b3 Nbd7 10. Bb2 Qa5 11. a3 Rfd8 12. b4 Qc7 13. Nxd7 Qxd7 14. c5 b6 15. e3 Qb7 16. cxb6 axb6 17. Qd2 c5 18. Ne2 cxb4 19. axb4 b5 20. Rxa8 Rxa8 21. Nc1 Rc8 22. Bc3 Qc6 23. Ne2 Nd7 24. Ra1 Ra8 25. Ra5 Bd8 26. Rxa8 Qxa8 27. Nc1 Qa4 28. f3 Nb6 29. e4 Bg6 30. Nd3 Nc4 31. Qe1 dxe4 32. fxe4 Qc2 33. Nc5 Bg5 34. Kh1 Ne3 35. Qd2 Qb1+ 36. Qe1 Qc2 37. Qd2 Qb1+ 38. Qe1 Qa2 39. Qd2 Qc4 40. Kg1 f6 41. Qb2 h5 42. Bh3 Bf7 43. Be1 Nd1 44. Qg2 Qxd4+ 45. Kh1 e5 46. Qe2 Nc3 47. Qf3 Nd1 48. Ne6 Bxe6 49. Bxe6+ Kf8 50. Bd5 Ne3 51. Bc6 Qc4 52. Bb7 Qc1 53. Qf2 Nc2 54. Qc5+ Kg8 55. Qc8+ Kh7 56. Qf5+ Kh6 57. h4 Qxe1+ 58. Kh2 Be3 0-1

[Event "Eastern Asia-ch U10"]
[Site "Tornelo INT"]
[Date "2021.10.30"]
[Round "5"]
[White "Tulendinov, Dinmukhammed"]
[Black "Vivaan, Vishal Shah"]
[Result "1-0"]
[WhiteElo "1516"]
[BlackElo "1161"]
[PlyCount "127"]
[EventDate "2021.10.29"]
[EventType "swiss"]
[EventRounds "9"]
[EventCountry "NET"]
[SourceTitle "EXT 2023"]
[Source "ChessBase"]
[SourceDate "2022.10.05"]
[SourceVersion "1"]
[SourceVersionDate "2022.10.05"]
[SourceQuality "1"]

1. e4 c5 2. Nf3 d6 3. d4 cxd4 4. Nxd4 Nf6 5. Nc3 g6 6. Be3 Bg7 7. Bc4 0-0 8. f3 Nc6 9. Qd2 Bd7 10. 0-0-0 Rb8 11. Bb3 Na5 12. h4 b5 13. Bh6 b4 14. Nd5 e5 15. Nxf6+ Qxf6 16. Bg5 Nxb3+ 17. cxb3 Rfc8+ 18. Kb1 Bh6 19. Bxh6 exd4 20. Qxd4 Qxd4 21. Rxd4 Rb6 22. Rhd1 Rcc6 23. Bf4 f5 24. Bxd6 fxe4 25. fxe4 Bg4 26. R1d2 a5 27. Bf4 Rf6 28. g3 Rbc6 29. Rc4 Rxc4 30. bxc4 Rc6 31. b3 Kf7 32. Rd5 a4 33. Rb5 Bf3 34. e5 Be4+ 35. Kc1 axb3 36. axb3 Ke6 37. Rxb4 h6 38. Rb5 h5 39. Ra5 Rb6 40. Kb2 Rb7 41. Ra6+ Kf5 42. Kc3 Rd7 43. Rf6+ Kg4 44. Rd6 Ra7 45. Kd4 Kf3 46. b4 Ra3 47. b5 Rd3+ 48. Kc5 Rc3 49. b6 Rb3 50. Rd4 Bf5 51. Kc6 Rb4 52. b7 Be4+ 53. Rxe4 Kxe4 54. e6 Rxc4+ 55. Kb5 Rc2 56. b8Q Rb2+ 57. Kc6 Rxb8 58. Bxb8 Kf5 59. Kd7 g5 60. e7 gxh4 61. gxh4 Kg6 62. e8Q+ Kh7 63. Qf7+ Kh8 64. Be5# 1-0

[Event "Eastern Asia-ch U10"]
[Site "Tornelo INT"]
[Date "2021.10.29"]
[Round "3"]
[White "Tulendinov, Dinmukhammed"]
[Black "Nehanraj, Ramesh"]
[Result "1-0"]
[WhiteElo "1516"]
[BlackElo "1196"]
[PlyCount "51"]
[EventDate "2021.10.29"]
[EventType "swiss"]
[EventRounds "9"]
[EventCountry "NET"]
[SourceTitle "EXT 2023"]
[Source "ChessBase"]
[SourceDate "2022.10.05"]
[SourceVersion "1"]
[SourceVersionDate "2022.10.05"]
[SourceQuality "1"]

1. e4 e5 2. Nf3 Nc6 3. Bb5 a6 4. Ba4 Nf6 5. d3 Bc5 6. 0-0 d6 7. c3 b5 8. Bb3 0-0 9. Nbd2 Na5 10. Bc2 Bb6 11. Re1 c5 12. Nf1 c4 13. d4 Bc7 14. h3 Bb7 15. Bg5 h6 16. Bh4 Nc6 17. Ne3 Nb8 18. Ng4 Nbd7 19. Qd2 exd4 20. cxd4 Ba5 21. Qf4 Bxe1 22. Rxe1 Nd5 23. exd5 g5 24. Qf5 Re8 25. Qh7+ Kf8 26. Qh8# 1-0

[Event "Almaty Fizmat op"]
[Site "Almaty"]
[Date "2021.10.10"]
[Round "8"]
[White "Akhilbay, Imangali"]
[Black "Tulendinov, Dinmukhammed"]
[Result "0-1"]
[WhiteElo "1918"]
[BlackElo "1698"]
[PlyCount "118"]
[EventDate "2021.10.08"]
[EventType "swiss (rapid)"]
[EventRounds "9"]
[EventCountry "KAZ"]
[SourceTitle "EXT 2023"]
[Source "ChessBase"]
[SourceDate "2022.10.05"]
[SourceVersion "1"]
[SourceVersionDate "2022.10.05"]
[SourceQuality "1"]

1. d4 d5 2. Nc3 Nf6 3. Bf4 c6 4. e3 Bf5 5. Bd3 Bg6 6. Nf3 e6 7. 0-0 Nbd7 8. Re1 Be7 9. h3 0-0 10. e4 dxe4 11. Nxe4 Nxe4 12. Bxe4 Bxe4 13. Rxe4 Nf6 14. Re1 c5 15. c4 Rc8 16. b3 cxd4 17. Qxd4 Bc5 18. Qb2 Qe7 19. Nd4 Rfd8 20. Rad1 Rd7 21. Nf5 exf5 22. Rxe7 Rxd1+ 23. Kh2 Bxe7 24. Qc2 Rcd8 25. Qxf5 Bd6 26. Bxd6 R1xd6 27. Qc5 b6 28. Qa3 R6d7 29. c5 bxc5 30. Qxc5 Ne4 31. Qe3 Rd4 32. f3 Nf6 33. Qe7 R8d7 34. Qc5 h6 35. Qc8+ Kh7 36. Qc2+ g6 37. Qc6 Kg7 38. a4 Rd2 39. Qc3 R7d3 40. Qc5 Rxb3 41. Qxa7 Rbb2 42. Qg1 Rxg2+ 43. Qxg2 Rxg2+ 44. Kxg2 Nd5 45. Kf2 Kf6 46. a5 Nc7 47. Ke3 Ke5 48. Kd3 Kd5 49. Ke3 f5 50. h4 g5 51. hxg5 hxg5 52. Kd3 g4 53. fxg4 fxg4 54. Ke3 Ke5 55. Kf2 Kf4 56. Kg2 g3 57. Kg1 Kf3 58. Kf1 Na6 59. Kg1 g2 0-1

[Event "Wch U08"]
[Site "Weifang"]
[Date "2019.09.01"]
[Round "11"]
[White "Patil, Dhruva1111"]
[Black "Tulendinov, Dinmukhammed"]
[Result "0-1"]
[WhiteElo "1901"]
[BlackElo "1545"]
[PlyCount "46"]
[EventDate "2019.08.21"]
[EventType "swiss"]
[EventRounds "11"]
[EventCountry "CHN"]
[SourceTitle "EXT 2020"]
[Source "ChessBase"]
[SourceDate "2019.10.17"]
[SourceVersion "1"]
[SourceVersionDate "2019.10.17"]
[SourceQuality "1"]

1. d4 Nf6 2. Bf4 d6 3. Nc3 g6 4. e4 Bg7 5. Nf3 0-0 6. Qd2 Re8 7. 0-0-0 a6 8. Bd3 b5 9. h3 Bb7 10. Qe3 Nbd7 11. Bh6 Bh8 12. e5 b4 13. e6 Bxf3 14. exd7 Qxd7 15. Qxf3 bxc3 16. bxc3 Qa4 17. h4 e5 18. Be2 e4 19. Qh3 e3 20. Rd3 Ne4 21. Rxe3 Qa3+ 22. Kd1 Nxf2+ 23. Kd2 Nxh3 0-1

[Event "Wch U08"]
[Site "Weifang"]
[Date "2019.08.29"]
[Round "8"]
[White "Tulendinov, Dinmukhammed"]
[Black "Schnaider, Ilan"]
[Result "1-0"]
[WhiteElo "1545"]
[BlackElo "1812"]
[PlyCount "101"]
[EventDate "2019.08.21"]
[EventType "swiss"]
[EventRounds "11"]
[EventCountry "CHN"]
[SourceTitle "EXT 2020"]
[Source "ChessBase"]
[SourceDate "2019.10.17"]
[SourceVersion "1"]
[SourceVersionDate "2019.10.17"]
[SourceQuality "1"]

1. d4 Nf6 2. Nf3 d5 3. Bg5 Ne4 4. Bh4 c5 5. dxc5 Nc6 6. c3 Nxc5 7. Nbd2 g6 8. Nb3 Ne4 9. e3 Bg7 10. Nbd4 a6 11. Be2 0-0 12. 0-0 Qc7 13. Rc1 e5 14. Nxc6 bxc6 15. Nd2 Nxd2 16. Qxd2 Be6 17. c4 Qb7 18. b4 Rab8 19. a3 e4 20. cxd5 cxd5 21. Rc5 Rbc8 22. Rfc1 Be5 23. R1c2 f5 24. Bg3 Rxc5 25. Rxc5 Bxg3 26. hxg3 Rc8 27. Qc3 Kf7 28. Kf1 Rxc5 29. Qxc5 Qc8 30. Qxc8 Bxc8 31. Ke1 Ke6 32. Kd2 h6 33. Kc3 Ke5 34. a4 Bb7 35. a5 Kd6 36. Kd4 Kc6 37. Ke5 Bc8 38. Kf6 g5 39. Kg6 d4 40. exd4 Kd5 41. Kxh6 g4 42. Kg5 Kxd4 43. Kf4 Kd5 44. b5 Kc5 45. bxa6 Kb4 46. a7 Bb7 47. a6 Bd5 48. Kxf5 Kc5 49. Bxg4 Kb6 50. Ke5 Ba8 51. Bc8 1-0

[Event "Wch U08"]
[Site "Weifang"]
[Date "2019.08.26"]
[Round "6"]
[White "Tulendinov, Dinmukhammed"]
[Black "Wang, Bingnan"]
[Result "1/2-1/2"]
[WhiteElo "1545"]
[BlackElo "1541"]
[PlyCount "101"]
[EventDate "2019.08.21"]
[EventType "swiss"]
[EventRounds "11"]
[EventCountry "CHN"]
[SourceTitle "EXT 2020"]
[Source "ChessBase"]
[SourceDate "2019.10.17"]
[SourceVersion "1"]
[SourceVersionDate "2019.10.17"]
[SourceQuality "1"]

1. e4 c5 2. Nc3 Nc6 3. g3 g6 4. Bg2 Bg7 5. d3 d6 6. Nh3 Nf6 7. 0-0 0-0 8. f4 Rb8 9. Bd2 Bd7 10. Ne2 b5 11. c3 c4 12. Qc2 cxd3 13. Qxd3 Be6 14. Nf2 Bc4 15. Qf3 e5 16. b3 Be6 17. Rad1 Qa5 18. Ra1 Rfc8 19. Rfd1 h5 20. c4 Qa6 21. cxb5 Qxb5 22. Bf1 Qb7 23. h3 Nb4 24. Bxb4 Qxb4 25. Rac1 Bd7 26. Nc3 Qa3 27. Bc4 Rc5 28. Nd3 Rc7 29. fxe5 dxe5 30. Kg2 Qe7 31. Nd5 Nxd5 32. Bxd5 Rbc8 33. Rxc7 Rxc7 34. Rc1 Rxc1 35. Nxc1 Be6 36. Bxe6 Qxe6 37. Qd3 Qc6 38. Ne2 Qc5 39. Qc3 Qb5 40. Qc4 Qxc4 41. bxc4 Kf8 42. g4 hxg4 43. hxg4 Ke7 44. Kf3 Kd6 45. Ke3 Kc5 46. Kd3 Kb4 47. Nc3 Bf8 48. Nd5+ Ka3 49. Nc7 Kb4 50. Nd5+ Ka3 51. Nc7 1/2-1/2